Logo CIB grande

SISTEMAS DE INFORMACION PARA LA ADMINISTRACION: TECNICAS E INSTRUMENTOS (Registro nro. 218122)

Detalles MARC
000 -LEADER
campo de control de longitud fija 00899nam a2200301Ia 4500
005 - FECHA Y HORA DE LA ÚLTIMA TRANSACCIÓN
campo de control 20250425161902.0
008 - DATOS DE LONGITUD FIJA--INFORMACIÓN GENERAL
campo de control de longitud fija 250425s9999 xx 000 0 und d
020 ## - NÚMERO INTERNACIONAL ESTÁNDAR DEL LIBRO
Número Internacional Estándar del Libro 9682403944
041 ## - CÓDIGO DE IDIOMA
Código de lengua del texto/banda sonora o título independiente spa
043 ## - CÓDIGO DE ÁREA GEOGRÁFICA
Código de área geográfica mx
082 ## - NÚMERO DE LA CLASIFICACIÓN DECIMAL DEWEY
Número de clasificación 658.4038
010 ## - NÚMERO DE CONTROL DE LA BIBLIOTECA DEL CONGRESO
Número de control de LC 33838
100 ## - ENTRADA PRINCIPAL--NOMBRE DE PERSONA
Nombre de persona BOCCHINO, WILLIAM A.
245 #0 - MENCIÓN DEL TÍTULO
Título SISTEMAS DE INFORMACION PARA LA ADMINISTRACION: TECNICAS E INSTRUMENTOS
250 ## - MENCION DE EDICION
Mención de edición 1A ED.
260 ## - PUBLICACIÓN, DISTRIBUCIÓN, ETC.
Lugar de publicación, distribución, etc. México
Nombre del editor, distribuidor, etc. EDITORIAL TRILLAS
Fecha de publicación, distribución, etc. 1975
260 ## - PUBLICACIÓN, DISTRIBUCIÓN, ETC.
Lugar de publicación, distribución, etc. S.L.
300 ## - DESCRIPCIÓN FÍSICA
Extensión 403
500 ## - NOTA GENERAL
Nota general Biblioteca de ciencias de la administracion
500 ## - NOTA GENERAL
Nota general Título Traducido: MANAGEMENT INFORMATION SYSTEMS TOOLS AND TECHNIQUES
650 ## - PUNTO DE ACCESO ADICIONAL DE MATERIA--TÉRMINO DE MATERIA
Término de materia o nombre geográfico como elemento de entrada ADMINISTRACION DE SISTEMAS DE INFORMACION
650 ## - PUNTO DE ACCESO ADICIONAL DE MATERIA--TÉRMINO DE MATERIA
Término de materia o nombre geográfico como elemento de entrada ANALISIS DE SISTEMAS
650 ## - PUNTO DE ACCESO ADICIONAL DE MATERIA--TÉRMINO DE MATERIA
Término de materia o nombre geográfico como elemento de entrada INVESTIGACION DE OPERACIONES
650 ## - PUNTO DE ACCESO ADICIONAL DE MATERIA--TÉRMINO DE MATERIA
Término de materia o nombre geográfico como elemento de entrada PLANEACION
700 ## - ENTRADA AGREGADA--NOMBRE PERSONAL
Nombre de persona AGUSTIN CONTIN
Término indicativo de función/relación traductor
710 ## - ENTRADA AGREGADA--NOMBRE DE ENTIDAD CORPORATIVA
Nombre de entidad corporativa o nombre de jurisdicción como elemento de entrada EDITORIAL TRILLAS
942 ## - ELEMENTOS DE ENTRADA SECUNDARIOS (KOHA)
Tipo de ítem Koha Libros
Existencias
Estatus retirado Estado de pérdida Estado de daño No para préstamo Biblioteca de origen Biblioteca actual Ubicación en estantería Fecha de adquisición Coste, precio normal de compra Total de préstamos Código de barras Copia número Tipo de ítem Koha Nota pública
        ESCUELA DE NEGOCIOS ESCUELA DE NEGOCIOS   01/03/2001 0.01   CP-00008 1 Libros COMPRA

Copyright 2025 ESPOL. Todos los derechos reservados.